000 01295nam a22002417a 4500
999 _c57265
_d57265
003 Ge_BSU
005 20200130110539.0
008 200130s2016 ||||| |||| 00| 0 geo d
020 _a9789941207235
041 _ageo
080 _a76:621(075.8) დ-32
100 _aდემეტრაშვილი, მერი.
_96514
245 _aზედაპირების თანაკვეთა ტექნიკური დეტალების ნახაზებზე :
_b (ამოცანათა კრებული მეთოდ. მითითებებით) /
_c მერი დემეტრაშვილი ; მანანა ძიძიგური ; რედ. ბ. ცხადაძე.
264 _aთბილისი :
_b ტექნ. უნ-ტი,
_c2016.
300 _a58 გვ. :
_bსურ. ;
_c 20 სმ.
504 _aბიბლიოგრ.: გვ. 55
653 _aსაინჟინრო გრაფიკა
653 _aტექნიკა
700 _aძიძიგური, მანანა
_96515
700 _aცხადაძე, ბ
_eრედაქტორი
_96516
710 _eსაქართველოს ტექნიკური უნ-ტი
_96517
942 _2udc
_cBK